| Tag |
First Indicator |
Second Indicator |
Subfields |
| LEADER |
00000cam a2200000 4500 |
| 001 |
in00001892438 |
| 006 |
m | d | |
| 007 |
cr |n||||||||n |
| 008 |
870424s1780 enk|||| s 00| ||eng d |
| 005 |
20260407221048.6 |
| 035 |
|
|
|a (CStRLIN)ESTCT170494
|
| 040 |
|
|
|a Uk-ES
|c Uk-ES
|d Cu-RivES
|d CStRLIN
|d Thomson Gale
|d UtOrBLW
|
| 100 |
1 |
|
|a Cumberland, Richard,
|d 1732-1811.
|
| 240 |
1 |
0 |
|a Widow of Delphi.
|k Score
|
| 245 |
1 |
4 |
|a The overture, serenade, favorite songs &c. in The widow of Delphi, sung by Mrs. Kennedy, Miss Brown, Mrs. Wilson & Mr. Quick. ... Composed ... by Thomas Butler.
|
| 264 |
|
3 |
|a London :
|b printed for Ab. Portal,
|c [1780]
|
| 300 |
|
|
|a 2 unnumbered pages, 32p :
|b engr.music ;
|c obl.2⁰.
|
| 336 |
|
|
|a text
|b txt
|2 rdacontent
|
| 337 |
|
|
|a computer
|b c
|2 rdamedia
|
| 338 |
|
|
|a online resource
|b cr
|2 rdacarrier
|
| 500 |
|
|
|a Anonymous. By Richard Cumberland.
|
| 500 |
|
|
|a Engraved throughout, apart from the letterpress advertisement for Ab. Portal on verso of the titlepage.
|
| 500 |
|
|
|a Score with some librettos.
|
| 500 |
|
|
|a Reproduction of original from the British Library.
|
| 510 |
4 |
|
|a English Short Title Catalog,
|c ESTCT170494.
|
| 533 |
|
|
|a Electronic reproduction.
|b Farmington Hills, Mich. :
|c Thomson Gale,
|d 2003.
|n Available via the World Wide Web.
|n Access limited by licensing agreements
|7 s2003 miunns
|
| 500 |
|
|
|a Electronic resource.
|
| 700 |
1 |
|
|a Butler, T. H.
|q (Thomas Hamly),
|d approximately 1755-1823.
|
| 830 |
|
0 |
|a Eighteenth century collections online.
|
| 856 |
4 |
0 |
|u http://proxy.library.tamu.edu/login?url=https://galenet.galegroup.com/servlet/ECCO?c=1&stp=Author&ste=11&af=BN&ae=T170494&tiPG=1&dd=0&dc=flc&docNum=CW106657919&vrsn=1.0&srchtp=a&d4=0.33&n=10&SU=0LRL+OR+0LRI&locID=txshracd2898
|z Full text online
|t 0
|
| 999 |
|
|
|a MARS
|
| 999 |
f |
f |
|s a62f50eb-0909-38fb-a091-2ab3d3f90389
|i 63940ade-1af4-3ae8-8278-b11ce24bca4b
|t 0
|
| 952 |
f |
f |
|a Texas A&M University
|b College Station
|c Electronic Resources
|s www_evans
|d Available Online
|t 0
|h No information provided
|
| 998 |
f |
f |
|t 0
|l Available Online
|